|
|
|
|
| LEADER |
01020nam a22002297a 4500 |
| 001 |
AAL1801 |
| 003 |
BD-DhAAL |
| 005 |
20180219204851.0 |
| 008 |
160130s 1999bd ||||| |||| 00| 0 ben d |
| 999 |
|
|
|c 36712
|d 36712
|
| 020 |
|
|
|a 9848160663
|
| 040 |
|
|
|a BD-DhAAL
|c BD-DhAAL
|
| 082 |
|
|
|a 954.91040924
|
| 100 |
|
|
|a সাইয়িদ, আবু
|9 17609
|
| 245 |
|
|
|a বঙ্গবন্ধু হত্যাকান্ড বিচারের প্রেক্ষিত ও ঐতিহাসিক রায় /
|c আবু সাইয়িদ
|
| 260 |
|
|
|a ঢাকা :
|b অন্যপ্রকাশ,
|c ১৯৯৯.
|
| 300 |
|
|
|a ১৪৪ পৃ. ;
|c ২২ সে.মি.
|
| 541 |
|
|
|e 1801
|
| 600 |
|
|
|a Mujibur Rahman, Sheikh, 1920-1975
|x Assassination.
|9 17610
|
| 650 |
|
|
|a Presidents
|x Assassination
|z Bangladesh.
|9 17611
|
| 942 |
|
|
|2 ddc
|c BK
|
| 952 |
|
|
|0 0
|1 0
|2 ddc
|4 0
|6 954_910409240000000_SAY
|7 0
|9 57779
|a SCL
|b SCL
|c GEN
|d 2016-01-30
|l 2
|m 2
|o 954.91040924 SAY
|p 3020001801
|r 2023-12-07
|s 2023-11-30
|t 1
|w 2016-01-30
|y BK
|